| 000 | 00689nam a2200181Ia 4500 | ||
|---|---|---|---|
| 008 | 151202s9999||||xx |||||||||||||| ||und|| | ||
| 082 | _bPNVM-46003 | ||
| 100 | _aभट कुलवृत्तांत समिती. | ||
| 245 | _aभट कुलवृत्तांत. | ||
| 260 | _b"भट कुलवृत्तांत समिती,मुंबई." | ||
| 260 | _c2004 | ||
| 300 | _a370 | ||
| 600 | _aभट कुलवृत्तांत समिती. | ||
| 630 | _aभट कुलवृत्तांत. | ||
| 700 | _aभट कुलवृत्तांत समिती. | ||
| 730 | _aभट कुलवृत्तांत. | ||
| 942 | _cBOOK | ||
| 999 |
_c1311953 _d1311950 |
||